000
00278nam a2200109Ia 4500
008
230907s9999||||xx |||||||||||||| ||und||
082
_a
620
_b
ADH
245
0
_a
Adhesive technology compendium /
260
_a
Springer Vieweg,
_b
Wiesbedan :
_c
2017
300
_a
310 p.
942
_c
BK
999
_c
600207
_d
600207